000 01079nam a2200277 a 4500
005 20171004173111.0
008 140311b1999 ck ||||| |||| 00| 0 spa d
040 _aCO-BoIAVH
_cCO-BoIAVH
041 _aspa
044 _ack
090 _aLB
_b03242
100 _aGiraldo I., Martha Helena
110 _aColombia
_bMinisterio del Medio Ambiente
_bDirección Técnica de Ecosistemas, grupo de Bosques
111 _aBoletín bibliográfico
_djulio-agosto,1999
_n2
245 1 0 _aProyecto: aplicación y evaluación de criterios e indicadores para la ordenación sostenible de los Bosques naturales
260 _aBogotá
_bMinambiente
_bACOFORE
_bOIMT
_c1999
300 _a70 páginas
505 _aVol. 1: Boletín 1 Abril-Junio 1999
505 _aVol. 2: Boletín 2 Julio-Agosto 1999
650 1 6 _aMedio ambiente
_vBoletines
650 1 6 _aMedio ambiente
_vBibliográfias
710 _a^Asociación Colombiana de Reforestadores e Industriales de la Madera
710 _aOIMT
942 _2z
_cINFORME
945 _d2004-01-23
999 _c3551
_d3551